000 01502pam a2200373 i 4500
001 2020022276
003 DLC
005 20210927143403.0
008 200514s2021 mnua b 000 1 eng
010 _a 2020022276
020 _a9781541597983
040 _aDLC
_beng
_erda
_cDLC
_dIMmBT
042 _apcc
_alcac
092 _aE Life How
100 1 _aHowes, Katey,
_eauthor.
_96379040
245 1 0 _aRissy no kissies /
_cKatey Howes ; illustrated by Jess Engle.
264 1 _aMinneapolis :
_bCarolrhoda Books,
_c[2021]
300 _a1 volume (unpaged) :
_bcolor illustrations ;
_c26 cm.
336 _atext
336 _astill image
337 _aunmediated
338 _avolume
520 _a"A love bird who doesn't like kisses? Rissy's friends and family wonder if she's sick, confused, or rude. But kisses make Rissy uncomfortable. Can she show everyone there's not one right way to share affection?"--
521 _aAges 4-9.
_bCarolrhoda Books.
521 _aGrades 2-3.
_bCarolrhoda Books.
650 1 _aKissing
_vFiction.
_95675665
650 1 _aIndividuality
_vFiction.
_95674497
650 1 _aLovebirds
_vFiction.
_96428594
655 7 _aStories in rhyme
_2lcgft.
700 1 _aEngle, Jess,
_d1983-
_eillustrator.
_96428595
776 0 8 _iOnline version:
_aHowes, Katey.
_tRissy no kissies
_dMinneapolis : Carolrhoda Books, [2021]
_z9781728417394
_w(DLC) 2020022277.
907 _a.b446042213
942 _2ddc
_cBOOK
999 _c365602
_d365602